| 000 | 00631cam a2200181 i 4500 | ||
|---|---|---|---|
| 040 | _cEYM | ||
| 082 | _a333 DAN 2016 C018 Or. | ||
| 100 | 1 | _aĐặng, Kim Sơn, | |
| 245 | 1 | 0 |
_aAgricultural policy and institutional reforms in Vietnam : _bexperiences, impacts, and lessons / |
| 250 | _a2nd edition. | ||
| 300 |
_axvii, 89 pages ; _c26 cm. |
||
| 490 | 0 | _aSoutheast Asian agriculture and development primer series, | |
| 650 | 0 | _aAgriculture and state | |
| 650 | 0 | _aAgriculture and state | |
| 650 | 0 | _aAgricultural innovations | |
| 710 | 2 | _aSEAMEO Regional Center for Graduate Study and Research in Agriculture, | |
| 942 | _cAEDBB | ||
| 999 |
_c21185 _d21185 |
||